<?xml version="1.0" encoding="UTF-8"?>
<record
    xmlns:xsi="http://www.w3.org/2001/XMLSchema-instance"
    xsi:schemaLocation="http://www.loc.gov/MARC21/slim http://www.loc.gov/standards/marcxml/schema/MARC21slim.xsd"
    xmlns="http://www.loc.gov/MARC21/slim">

  <leader>01853nam a2200241 a 4500</leader>
  <controlfield tag="001">BRCA_8659</controlfield>
  <controlfield tag="005">20190320210347.0</controlfield>
  <controlfield tag="008">271016s2008----mx-a######---#000-0#spa-#</controlfield>
  <datafield tag="041" ind1=" " ind2=" ">
    <subfield code="a">spa</subfield>
  </datafield>
  <datafield tag="044" ind1=" " ind2=" ">
    <subfield code="a">sp</subfield>
  </datafield>
  <datafield tag="084" ind1=" " ind2=" ">
    <subfield code="a">BE38</subfield>
    <subfield code="b">.M37 1772</subfield>
  </datafield>
  <datafield tag="100" ind1="1" ind2=" ">
    <subfield code="a">Mart&#xED;nez, Manuel Silvestre</subfield>
    <subfield code="9">21602</subfield>
  </datafield>
  <datafield tag="245" ind1="1" ind2="0">
    <subfield code="a">Librer&#xED;a de jueces</subfield>
    <subfield code="b">util&#xED;sima, y universal para todos los que desean imponerse en la Jurisprudencia Pr&#xE1;ctica, Derecho Real de Espa&#xF1;a, y Reales Resoluciones mas modernas de rigorosa observancia: y en especial para Abogados, Alcaldes, Corregidores, Intendentes, Prelados Regulares, Jueces Eclesiasticos: Parrocos, Regidores, Escribanos: Diputados, y Personeros.</subfield>
  </datafield>
  <datafield tag="260" ind1=" " ind2=" ">
    <subfield code="a">Madrid</subfield>
    <subfield code="b">En la Imprenta de Blas Rom&#xE0;n</subfield>
    <subfield code="c">1772</subfield>
  </datafield>
  <datafield tag="300" ind1=" " ind2=" ">
    <subfield code="a">[24], 413p. (t.7)</subfield>
    <subfield code="c">21 x 15 cm.</subfield>
  </datafield>
  <datafield tag="500" ind1=" " ind2=" ">
    <subfield code="a">En portada: En que se hace UNIVERSAL EXPOSICION decisiva de todas las Leyes, y Autos Acordados de los Libros IV. V. y VI. de la Recopilacion Novisima, y de los 78. titulos de que se componen, por el orden met&#xF3;dico de la impresion del a&#xF1;o de 1745. Y asimismo de las posteriores Reales Resoluciones, Cedulas, Ordenanzas, Provisiones, Leyes, y Pragmaticas no Recopiladas, que declaran, derogan, &#xF2; renuevan las antiguas Disposiciones, &#xF3; dan otras nuevas Reglas, y se colocan las mas &#xE0; la letras en el lugar, y Titulos &#xE1; que corresponden, segun los tiempos de su promulgacion; con que se demuestran las variaciones que ha havido desde la primitiva impresion del a&#xF1;o de 1567. hasta el presente de 1772</subfield>
  </datafield>
  <datafield tag="500" ind1=" " ind2=" ">
    <subfield code="a">En portada: Dedicado al EXCMO. SR. CONDE de ARANDA</subfield>
  </datafield>
  <datafield tag="500" ind1=" " ind2=" ">
    <subfield code="a">Estado f&#xED;sico: presenta guardas y algunas hojas manchadas, y cintas rotas</subfield>
  </datafield>
  <datafield tag="500" ind1=" " ind2=" ">
    <subfield code="a">Libro en sala de exhibiciones artes decorativas 1, dentro del Museo Franz Mayer</subfield>
  </datafield>
  <datafield tag="650" ind1="1" ind2="4">
    <subfield code="a">Derecho civil</subfield>
    <subfield code="y">Obras anteriores a 1800</subfield>
    <subfield code="z">Espa&#xF1;a</subfield>
    <subfield code="9">21603</subfield>
  </datafield>
  <datafield tag="902" ind1=" " ind2=" ">
    <subfield code="a">CFM</subfield>
  </datafield>
  <datafield tag="942" ind1=" " ind2=" ">
    <subfield code="2">lcc</subfield>
    <subfield code="c">B</subfield>
  </datafield>
  <datafield tag="999" ind1=" " ind2=" ">
    <subfield code="c">8318</subfield>
    <subfield code="d">8318</subfield>
  </datafield>
  <datafield tag="952" ind1=" " ind2=" ">
    <subfield code="0">0</subfield>
    <subfield code="1">0</subfield>
    <subfield code="2">lcc</subfield>
    <subfield code="4">0</subfield>
    <subfield code="7">0</subfield>
    <subfield code="8">CFM</subfield>
    <subfield code="a">BRCA</subfield>
    <subfield code="b">BRCA</subfield>
    <subfield code="d">2016-10-27</subfield>
    <subfield code="e">Donaci&#xF3;n</subfield>
    <subfield code="l">0</subfield>
    <subfield code="o">BE38 .M37 1772</subfield>
    <subfield code="p">CFM00035</subfield>
    <subfield code="r">2019-03-22 00:00:00</subfield>
    <subfield code="w">2019-03-22</subfield>
    <subfield code="y">B</subfield>
  </datafield>
</record>
